PRACTICAL MEDICAL LABORATORY MANUAL (Record no. 216970)

MARC details
000 -LEADER
fixed length control field 00416nam a22001577a 4500
008 - FIXED-LENGTH DATA ELEMENTS--GENERAL INFORMATION
fixed length control field 260415b |||||||| |||| 00| 0 eng d
020 ## - INTERNATIONAL STANDARD BOOK NUMBER
International Standard Book Number 978-9914-50-249-7
050 ## - LIBRARY OF CONGRESS CALL NUMBER
Classification number RB 38.H33 2024
100 ## - MAIN ENTRY--PERSONAL NAME
Personal name TAJ HABIB
245 ## - TITLE STATEMENT
Title PRACTICAL MEDICAL LABORATORY MANUAL
260 ## - PUBLICATION, DISTRIBUTION, ETC.
Place of publication, distribution, etc. USA
Name of publisher, distributor, etc. ABBOTT
Date of publication, distribution, etc. 2024
300 ## - PHYSICAL DESCRIPTION
Extent X,345
650 ## - SUBJECT ADDED ENTRY
Topical term or geographic name entry element Medical laboratory-laboratory manuals
942 ## - ADDED ENTRY ELEMENTS (KOHA)
Source of classification or shelving scheme Library of Congress Classification
Koha item type Long Loan Book
Holdings
Withdrawn status Lost status Source of classification or shelving scheme Damaged status Not for loan Collection Home library Current library Shelving location Date acquired Inventory number Total checkouts Full call number Barcode Date last seen Copy number Price effective from Koha item type
    Library of Congress Classification     Medicine Kisii University Library Kisii University Library On Display 04/15/2026 112989   RB 38.H33 2024 A001381 04/15/2026 C.5 04/15/2026 Long Loan Book
    Library of Congress Classification     Medicine Kisii University Library Kisii University Library On Display 04/15/2026 112988   RB 38.H33 2024 A001383 04/15/2026 C.4 04/15/2026 Long Loan Book
    Library of Congress Classification     Medicine Kisii University Library Kisii University Library On Display 04/15/2026 112987   RB 38.H33 2024 A001384 04/15/2026 C.3 04/15/2026 Long Loan Book
    Library of Congress Classification     Medicine Kisii University Library Kisii University Library On Display 04/15/2026 112986   RB 38.H33 2024 A001385 04/15/2026 C.2 04/15/2026 Long Loan Book
    Library of Congress Classification     Medicine Kisii University Library Kisii University Library On Display 04/15/2026 112985   RB 38.H33 2024 A001386 04/15/2026 C.1 04/15/2026 Long Loan Book